Empresa Steelmax S. A en la coordinación gráfica
El estudio presenta el diseño de anteproyectos a nivel arquitectónico, por medio de maquetas virtuales con asistencia de software en modelado 3D, post producción y presentación al cliente. Se elaboró programa arquitectónico y diseño arquitectónicos el cual consistió en convertir a formas ú...
| Main Author: | |
|---|---|
| Other Authors: | |
| Format: | Tesis Section = Libro |
| Language: | Undetermined Spanish |
| Published: |
Managua
UNI
2019
|
| Subjects: |
| LEADER | 01328nam a2200265Ia 4500 | ||
|---|---|---|---|
| 008 | 240830s9999 xx 000 0 und d | ||
| 040 | |a BIBLIOTECA-RUSB/ Mon 721 R627 | ||
| 041 | |a spa | ||
| 082 | |a Mon 721 R627 | ||
| 100 | 1 | |a Rizo Castillo, Hanss Glenn | |
| 245 | 1 | 0 | |a Empresa Steelmax S. A en la coordinación gráfica |
| 260 | |a Managua |b UNI |c 2019 | ||
| 300 | |a 70 p. :il. | ||
| 500 | |a Contiene: Informe de práctica profesional, anexos. | ||
| 502 | |a Tesis (Arquitecto) - UNI, 2019. | ||
| 520 | 3 | |a El estudio presenta el diseño de anteproyectos a nivel arquitectónico, por medio de maquetas virtuales con asistencia de software en modelado 3D, post producción y presentación al cliente. Se elaboró programa arquitectónico y diseño arquitectónicos el cual consistió en convertir a formas útiles lo estipulado en el programa arquitectónico en el cual se consideraron algunos aspectos como la situación del terreno, las dimensiones. Características topográficas y orientación cardinal. | |
| 650 | 7 | |a DISEÑO ARQUITECTONICO | |
| 650 | 7 | |b ARQUITECTURA-DISEÑOS Y PLANOS | |
| 650 | 7 | |c DISEÑO DE ESTRUCTURAL | |
| 650 | 7 | |d PRACTICAS PROFESIONALES | |
| 650 | 7 | |e FORMACION PROFESIONAL | |
| 700 | 1 | |a Tutor: |b Solís Leyton, Alvaro Leonel | |
| 942 | |c BK |2 ddc | ||
| 991 | |a TESIS | ||
| 999 | |c 21183 | ||